Principles of physics / (Record no. 544208)

000 -LEADER
fixed length control field 00610cam a2200193 a 4500
020 ## - INTERNATIONAL STANDARD BOOK NUMBER
International Standard Book Number 0030245583
082 00 - DEWEY DECIMAL CLASSIFICATION NUMBER
Classification number 530.02462
Author Mark SER
-- l-40, P-03
100 1# - MAIN ENTRY--PERSONAL NAME
Personal name Serway, Raymond A.
9 (RLIN) 7830
245 10 - TITLE STATEMENT
Title Principles of physics /
Statement of responsibility, etc. Raymond A. Serway ; with contributions by John W. Jewett, Jr.
250 ## - EDITION STATEMENT
Edition statement 2nd ed.
260 ## - PUBLICATION, DISTRIBUTION, ETC.
Place of publication, distribution, etc. Fort Worth :
Name of publisher, distributor, etc. Saunders College Pub.,
Date of publication, distribution, etc. c1998.
300 ## - PHYSICAL DESCRIPTION
Extent 2 v. :
Other physical details ill. (some col.) ;
Dimensions 26 cm.
490 0# - SERIES STATEMENT
Series statement Saunders golden sunburst series
500 ## - GENERAL NOTE
General note Includes index.
526 ## - STUDY PROGRAM INFORMATION NOTE
Program name 0
Interest level 0
Reading level 0
Title point value 530_024620000000000_SER
650 #0 - SUBJECT ADDED ENTRY--TOPICAL TERM
Topical term or geographic name entry element MCE
9 (RLIN) 379
650 #0 - SUBJECT ADDED ENTRY--TOPICAL TERM
Topical term or geographic name entry element Physics.
942 ## - ADDED ENTRY ELEMENTS (KOHA)
Source of classification or shelving scheme
Koha item type Book
Holdings
Withdrawn status Lost status Source of classification or shelving scheme Damaged status Not for loan Permanent Location Current Location Date acquired Total Checkouts Full call number Barcode Date last seen Price effective from Koha item type
          Military College of Engineering (MCE) Military College of Engineering (MCE) 04/15/2014   530.02462 SER MCE-43944 04/15/2014 04/15/2014 Book
© 2023 Central Library, National University of Sciences and Technology. All Rights Reserved.